| 000 | 00640nam a2200193Ia 4500 | ||
|---|---|---|---|
| 008 | 0000001986 cc a 0000000000eng00 | ||
| 090 | _aPSP00 A71v | ||
| 110 | 1 | _aArco (1986 : Madrid) | |
| 245 | 1 | 0 |
_aVázquez Cereijo _c/ Arco 1986 |
| 300 |
_a[14] p. _c/ 17 cm. |
||
| 500 | _aCon el patronazgo del maestro venezolano Jesús Rafael Soto (q.e.p.d.) \ | ||
| 600 | 0 | 0 |
_aVAZQUEZ CEREIJO, JOSE./ _xTRABAJOS PICTORICOS |
| 650 | 1 | 4 | _aARTE CONTEMPORANEO ESPAÑOL |
| 650 | 1 | 4 | _xCATALOGOS |
| 650 | 1 | 4 | _xEXPOSICIONES |
| 650 | 1 | 4 | _aPINTORES ESPAÑOLES |
| 650 | 1 | 4 | _aPINTURA ESPAÑOLA |
| 999 |
_c6800 _d6800 |
||
| 260 |
_aTaipei : Taipei Art Guild _c1986 |
||